Fabrication and Welding Engineering / (Record no. 11475)
[ view plain ]
| 000 -LEADER | |
|---|---|
| fixed length control field | 00811nam a22002535a 4500 |
| 001 - CONTROL NUMBER | |
| control field | 15248009 |
| 005 - DATE AND TIME OF LATEST TRANSACTION | |
| control field | 20080404160021.0 |
| 008 - FIXED-LENGTH DATA ELEMENTS--GENERAL INFORMATION | |
| fixed length control field | 080404s2008 mau 000 0 eng |
| 010 ## - LIBRARY OF CONGRESS CONTROL NUMBER | |
| LC control number | 2008926527 |
| 020 ## - INTERNATIONAL STANDARD BOOK NUMBER | |
| International Standard Book Number | 9780750666916 |
| 040 ## - CATALOGING SOURCE | |
| Original cataloging agency | DLC |
| Transcribing agency | DLC |
| 082 ## - DEWEY DECIMAL CLASSIFICATION NUMBER | |
| Edition number | 22 |
| Classification number | 671 |
| Item number | TIM |
| 100 1# - MAIN ENTRY--PERSONAL NAME | |
| Personal name | Timings, Roger. |
| 9 (RLIN) | 4519 |
| 245 10 - TITLE STATEMENT | |
| Title | Fabrication and Welding Engineering / |
| Statement of responsibility, etc | Roger Timings. |
| 260 ## - PUBLICATION, DISTRIBUTION, ETC. (IMPRINT) | |
| Place of publication, distribution, etc | Boston, MA : |
| Name of publisher, distributor, etc | Elsevier, |
| -- | Newnes, |
| Date of publication, distribution, etc | c2008. |
| 263 ## - PROJECTED PUBLICATION DATE | |
| Projected publication date | 0805 |
| 300 ## - PHYSICAL DESCRIPTION | |
| Extent | xxix, 565 p. : |
| Other physical details | ill. ; |
| Dimensions | 25 cm. |
| 500 ## - GENERAL NOTE | |
| General note | Includes index. |
| 650 ## - SUBJECT ADDED ENTRY--TOPICAL TERM | |
| Topical term or geographic name as entry element | Metal-work |
| 9 (RLIN) | 4520 |
| 650 ## - SUBJECT ADDED ENTRY--TOPICAL TERM | |
| Topical term or geographic name as entry element | Welding |
| 9 (RLIN) | 4521 |
| 942 ## - ADDED ENTRY ELEMENTS (KOHA) | |
| Source of classification or shelving scheme | Dewey Decimal Classification |
| Item type | Book - Borrowing |
| Withdrawn status | Item status | Source of classification or shelving scheme | Damaged status | Not for loan | Vendor | Home library | Current library | Shelving location | Date acquired | Source of acquisition | Cost, normal purchase price | Serial Enumeration / chronology | Total Checkouts | Total Renewals | Full call number | Barcode | Date last seen | Date last borrowed | Koha item type |
|---|---|---|---|---|---|---|---|---|---|---|---|---|---|---|---|---|---|---|---|
| Dewey Decimal Classification | Alahram | Central Library | Central Library | First floor | 30/04/2009 | 228.00 | 353 | 1 | 7 | 671 TIM | 000016319 | 15/07/2025 | 18/10/2018 | Book - Borrowing |